Využitie modulu Witness VR pri simulácii výrobného procesu

Salvato in:
Dettagli Bibliografici
Autore principale: Hanusová, Dominika, 1989- (Autore)
Altri autori: Ďuranna, Richard, 1984- (Relatore della tesi)
Natura: Manoscritto Libro
Lingua:slovacco
Pubblicazione: Bratislava : STU v Bratislave SjF, 2012
Soggetti:
Accesso online:VAIS
Tags: Aggiungi Tag
Nessun Tag, puoi essere il primo ad aggiungerne!!

MARC

LEADER 00000ntm a22000003a 4500
001 stu264118
005 20150617230222.1
008 130313s2012----xo------------------slo-d
040 |a STU  |b slo 
041 0 |a slo 
044 |a xo 
100 1 |a Hanusová, Dominika,  |d 1989-  |4 aut  |u J  |T SjF Strojnícka fakulta  |X 62582  |U J  |Y 20  |7 A000062582 
242 0 0 |a The use of module Witness VR for simulation of the manufacturing process  |y eng 
245 1 |a Využitie modulu Witness VR pri simulácii výrobného procesu 
260 |a Bratislava :  |b STU v Bratislave SjF,  |c 2012 
650 7 |a výrobné systémy a manažérstvo kvality  |2 stusub 
650 7 |a Production Systems and Quality Management  |2 estusub 
650 7 |a simulation  |2 estusub 
650 7 |a simulácia  |2 stusub 
650 7 |a virtuálna realita  |2 stusub 
700 1 |a Ďuranna, Richard,  |d 1984-  |4 ths  |u J0070  |U SjF Strojnícka fakulta  |T SjF Ústav výrobných systémov, enviromentálnej techniky a manažment kvality  |X 14108  |U J0070  |Y 804  |7 A000014108 
856 4 |a info a plný text  |u http://is.stuba.sk/zp/portal_zp.pl?podrobnosti=95337  |3 VAIS 
996 |b 284J042448  |c J*1445/BP  |l JJSK  |s A  |a 24  |w stu264118_0001